000 00705cam a22001815a 4500
001 L155497
008 120327s1812 xxk f 000 0 eng d
035 _a(Sirsi) u155497
041 0 _aeng
100 1 _aSinclair, John
_cSir
_d1754-1835
245 0 3 _aAn account of the systems of husbandry adopted in the more improved districts of Scotland
260 _aEdinburgh
_bprinted for Arch. Constable and Company, Edinburgh; G. & W. Nicol, and Longman, Hurst, Rees, Orme & Brown, London; and John Cumming, Dublin
_c1812
300 _axii, 432, 20, 152, 77 p.
_bill.
_c23 cm.
583 _aCondition reviewed
_c20120620
_lcondition level 2
651 4 _aScotland
_y1999-
690 _aRural
_96268
942 _n0
999 _c113609
_d113609